| 000 | 01580nam a2200337 a 4500 | ||
|---|---|---|---|
| 999 |
_c392085 _d392085 |
||
| 003 | BLK | ||
| 005 | 20250315005705.0 | ||
| 008 | 201207b bu |||||r|||| 00| | bu d | ||
| 020 | _a9786197350364 | ||
| 040 | _aBLK | ||
| 041 |
_aBUL _cBUL |
||
| 080 |
_aНемска литература _b821.112.2 _x-93-34 _z821.112.2-93-34 |
||
| 100 |
_aГрим, Якоб _d1785 - 1863 _eпърви автор _9363316 |
||
| 139 | _aГрим, Якоб и др. | ||
| 240 | _aGrimm fairy Tales | ||
| 245 |
_aПриказки _cЯкоб и Вилхелм Грим; подб.Лизбет Цвергер; ил. Лизбет Цвергер; прев. от нем. Ана Димова |
||
| 257 | _aDEU | ||
| 260 |
_9216827 _aСофия _bЛист _c2018 _fКостинброд : Мултипринт ООД _n978-619-7350- |
||
| 300 |
_c30 см _a96 с. _bс цв. ил. |
||
| 380 | _aDX | ||
| 500 | _aОриг. загл.: Grimm fairy Tales. - Устното творчество, съхранено за поколенията. Събирателската работа на братята Якоб и Вилхелм Грим / Вернер Тусвалднер: с. 4 | ||
| 700 |
_aГрим, Вилхелм _d1786 - 1859 _eсъавт. _9363315 |
||
| 700 |
_9599 _aЦвергер, Лизбет _eил. |
||
| 700 |
_9878 _aЦвергер, Лизбет _eподб. |
||
| 700 |
_9241586 _aДимова, Ана Стоева _eпрев. от нем. |
||
| 852 |
_aЦб ІІ 29617 _bЦб |
||
| 942 |
_cKNG _n0 _s1 |
||
| 944 |
_aCR _k _lCRON CRON |
||
| 944 |
_aCR _kСТ _c2021-02-25 |
||
| 999 | _d392085 | ||